<?xml version="1.0" encoding="UTF-8"?>
<marc:record xmlns:marc="http://www.loc.gov/MARC21/slim">
   <marc:leader>00000nam a2200000 a 4500</marc:leader>
   <marc:datafield ind1="1" ind2=" " tag="100">
      <marc:subfield code="a">Grimm, Jacob</marc:subfield>
      <marc:subfield code="4">aut</marc:subfield>
      <marc:subfield code="e">Verfasser/-in</marc:subfield>
   </marc:datafield>
   <marc:datafield ind1="1" ind2=" " tag="100">
      <marc:subfield code="a">Grimm, Wilhelm</marc:subfield>
      <marc:subfield code="4">aut</marc:subfield>
      <marc:subfield code="e">Verfasser/-in</marc:subfield>
   </marc:datafield>
   <marc:datafield ind1="0" ind2="0" tag="245">
      <marc:subfield code="a">Es war einmal ...</marc:subfield>
   </marc:datafield>
   <marc:datafield ind1="0" ind2="0" tag="245">
      <marc:subfield code="b">5 Märchen der Gebrüder Grimm. Extras: Über die Gebrüder Grimm und ihre Märchen; Trailer</marc:subfield>
   </marc:datafield>
   <marc:datafield ind1="0" ind2="0" tag="245">
      <marc:subfield code="c">Grimm, Jacob</marc:subfield>
   </marc:datafield>
   <marc:datafield ind1=" " ind2="1" tag="264">
      <marc:subfield code="a">Leipzig</marc:subfield>
   </marc:datafield>
   <marc:datafield ind1="1" ind2=" " tag="520">
      <marc:subfield code="a">"Schneeweißchen und Rosenrot": Zwei Mädchen erleben Abenteuer mit einem zornigen Zwerg und einem bibbernden Bären. &#xD;
"Tischlein deck dich": Ein Schneider jagt seine Söhne davon, die daraufhin ihr Glück als Tischler, Müller und Drechsler suchen. &#xD;
"Der Wolf und die sieben Geißlein": In Abwesenheit der Ziegenmutter versucht der böse Wolf, sich an den Geißlein zu laben. &#xD;
"Die Bremer Stadtmusikanten": Ein Esel, ein Hund, eine Katze und ein Hahn verjagen eine Räuberbande aus ihrem Haus. &#xD;
"Frau Holle": Ein hilfreiches Mädchen fällt in einen Brunnen und wird für ihre guten Taten belohnt. Ihre faule Schwester will es ihr gleichtun.</marc:subfield>
   </marc:datafield>
   <marc:datafield ind1=" " ind2=" " tag="338">
      <marc:subfield code="a">Videodisk</marc:subfield>
   </marc:datafield>
</marc:record>
